El Lenguaje destruido y la reconstrucción psicoanalítica: trabajos preliminares para una metateoría del psicoanálisis
Guardado en:
| Autor principal: | |
|---|---|
| Formato: | Texto |
| Publicado: |
Buenos Aires:
Amorrortu editores
|
| Materias: | |
| Etiquetas: |
Agregar Etiqueta
Sin Etiquetas, Sea el primero en etiquetar este registro!
|
MARC
| LEADER | 00000 a a2200000 04500 | ||
|---|---|---|---|
| 001 | 28588 | ||
| 003 | |||
| 040 | |||
| 020 | |a 84-610-4046-5 | ||
| 090 | |a 189101 | ||
| 100 | |a Lorenzer, Alfred | ||
| 245 | |a El Lenguaje destruido y la reconstrucción psicoanalítica: trabajos preliminares para una metateoría del psicoanálisis | ||
| 260 | |a Buenos Aires: |b Amorrortu editores | ||
| 300 | |a 216 p | ||
| 500 | |a Separata del libro | ||
| 650 | |a PSICOANALISIS | ||
| 650 | |a METODOLOGIA | ||
| 650 | |a LINGUISTICA | ||
| 650 | |a TEORIA | ||
| 999 | |c 8850 |d 8850 | ||



